Porovnávanie daňovo-odvodového zaťaženia príjmov v Slovenskej a Českej republike bakalárska práca

Enregistré dans:
Détails bibliographiques
Auteur principal: Prouskova, Eva
Collectivité auteur: Národohospodárska fakulta EU. Katedra financií
Autres auteurs: Zubaľová, Alena, 1959-
Format: Livre
Langue:slovaque
Publié: Bratislava 2014
Tags: Ajouter un tag
Pas de tags, Soyez le premier à ajouter un tag!

MARC

LEADER 00000nbm a2200000 4500
001 0189385
005 20170201085342.0
041 0 |a slo 
044 |a SK 
245 1 0 |a Porovnávanie daňovo-odvodového zaťaženia príjmov v Slovenskej a Českej republike  |b bakalárska práca  |c Eva Prouskova ; školiteľ: Alena Zubaľová 
264 1 |a Bratislava  |c 2014 
300 |a 58 s. 
100 1 |a Prouskova, Eva 
700 1 |a Zubaľová, Alena, 1959- 
710 2 |a Národohospodárska fakulta EU. Katedra financií